000 00710nam a2200253Ia 4500
003 OSt
005 20220918201315.0
006 a|||||r|||| 00| 0
007 ta
008 220917b |||||||| |||| 00| 0 eng d
024 _a93,021
037 _cTextual
040 _aARTS
_cARTS
_beng
041 _2eng
_aeng
082 _aV2vJ, M3 (TTV)
100 _aNizami Khaliq Ahmad
_998059
245 0 _aOn history and historians of medieval India
260 _aNew Delhi
_bMunshiram Manoharlal Pub
_c1983
300 _aviii,267p.
_ccm.
500 _aBib 245-54p; Includes index
650 _aHISTORY
942 _hV2vJ, M3 (TTV)
_cTEXL
_2CC
999 _c216669
_d216669